00241nam a2200097Ia 4500008004100000100001900041245003900060260002300099260000900122546001200131170619s9999 xx 000 0 und d aChakravorty- J 0aDigital Electronics & Logic Design bUNIVERSITIES PRESS c2012 aENGLISH